=LDR 00000nam 2200000 4500 =001 INLIS000000000025349 =005 20130612123852 =008 ***********************************Ind** =035 ##$$0010-061300000025349 =041 ##$$a Ind =082 ##$$a 589.45 =090 ##$$a 589.45, Nur k =100 ##$$a Nurmayati, Dewi =245 ##$$a Kehidupan tumbuhan laut, Dewi Nurmayati, Endang Sugriati, Sofia Mansor =260 ##$$a 2006 $b Bandung =300 ##$$a 36 hlm, ilus, 30 cm =650 ##$$a Tumbuhan laut =850 ##$$a NBPNMAT